Λεσβιακό ημερολόγιο 2020 : γράμματα τέχνες πολιτισμός

Αποθηκεύτηκε σε:
Λεπτομέρειες βιβλιογραφικής εγγραφής
Μορφή: Βιβλίο
Γλώσσα:Greek
Δημοσίευση: Μυτιλήνη : Μύθος, [2019].
Θέματα:
Ετικέτες: Προσθήκη ετικέτας
Δεν υπάρχουν, Καταχωρήστε ετικέτα πρώτοι!

MARC

LEADER 00000cam a2200000 a 4500
001 1/123710
008 211013q2019####gr |a||||| |||| ||gre||
020 |a 9786188447325 
040 |a GR-MyUa  |b gre  |c GR-MyUa  |e AACR2 
041 0 |a gre 
082 7 |a 390.0949582  |2 (23) 
245 0 0 |a Λεσβιακό ημερολόγιο 2020 :   |b γράμματα τέχνες πολιτισμός /   |c [επιμέλεια] Παναγιώτης Σκορδάς.  
260 |a Μυτιλήνη :   |b Μύθος,   |c [2019]. 
300 |a 416 σ. :   |b εικ. ;   |c 24 εκ.  
650 0 |a Calendars  |z Greece  |z Lesbos (Municipality) 
651 0 |a Lesbos (Greece : Municipality)  |x Social life and customs. 
852 |a INST  |b LESVOS  |e 20211013  |h 390.0949582 ΛΕΣ  |p 005100063887  |q 005100063887  |t BK  |y 0 
970 |a Δημάκη  |b Μαρία  |z 13-10-2021